المرجع الشامل في Corel Draw 9 / (رقم التسجيلة. 87315)

تفاصيل مارك
000 -LEADER
fixed length control field 00698nam a22002177a 4500
005 - DATE AND TIME OF LATEST TRANSACTION
control field 20251108172735.0
008 - FIXED-LENGTH DATA ELEMENTS--GENERAL INFORMATION
fixed length control field 250721s2000 xx 000 0 ara d
082 14 - DEWEY DECIMAL CLASSIFICATION NUMBER
Classification number 006.6/مسل
100 1# - MAIN ENTRY--PERSONAL NAME
Personal name مسلم، حنان
Relator term مؤلف
245 10 - TITLE STATEMENT
Title المرجع الشامل في Corel Draw 9 /
264 1# - PRODUCTION, PUBLICATION, DISTRIBUTION, MANUFACTURE, AND COPYRIGHT NOTICE
Place of production, publication, distribution, manufacture عمان :
Name of producer, publisher, distributor, manufacturer دار الرضا،
Date of production, publication, distribution, manufacture, or copyright notice 2000.
300 ## - PHYSICAL DESCRIPTION
Extent 600ص.
490 0# - SERIES STATEMENT
Series statement سلسلة الرضا للمعلومات
Volume/sequential designation 46
650 17 - SUBJECT ADDED ENTRY--TOPICAL TERM
Topical term or geographic name as entry element الرسم بمساعدة الحاسوب
650 17 - SUBJECT ADDED ENTRY--TOPICAL TERM
Topical term or geographic name as entry element تطبيقات الحاسوب
650 17 - SUBJECT ADDED ENTRY--TOPICAL TERM
Topical term or geographic name as entry element علم الحاسوب
700 1# - ADDED ENTRY--PERSONAL NAME
Personal name سعيد، سامر
Relator term مؤلف
700 1# - ADDED ENTRY--PERSONAL NAME
Personal name النقري، مصعب
Relator term مؤلف
942 ## - ADDED ENTRY ELEMENTS (KOHA)
Source of classification or shelving scheme Dewey Decimal Classification
Koha item type كتب
المقتنيات
حالة السحب حالة الفقدان مصدر التصنيف حالة التلف غير قابل للإعارة المكتبة الرئيسية المكتبة الحالية موقع الرف تاريخ التزويد الرقم المتسلسل Total Checkouts رقم الإستدعاء الباركود تاريخ آخر ظهور تاريخ الفاتورة نوع المادة (كوها)
    Dewey Decimal Classification     المكتبة المركزية المكتبة المركزية الإعارة 06/04/2011 1440736   006.6/مسل PLD00199757 28/07/2025 06/04/2011 كتب
Implemented & Customized by: BBB with SCIT (Smart Chains for Information Technology)

Powered by Koha